[Event "Bundesliga 1112"]
[Site "Germany"]
[Date "2011.10.16"]
[Round "3.6"]
[White "Hector, Jonny"]
[Black "Reeh, Oliver"]
[Result "1/2-1/2"]
[WhiteElo "2575"]
[BlackElo "2453"]
[PlyCount "82"]
[EventDate "2011.10.14"]
[EventType "team-tourn"]
[EventRounds "15"]
[EventCountry "GER"]
[SourceTitle "CBM 145"]
[Source "ChessBase"]
[SourceDate "2011.11.11"]
[SourceVersion "1"]
[SourceVersionDate "2011.11.11"]
[SourceQuality "1"]
[WhiteTeam "Emsdetten Turm"]
[BlackTeam "Hamburger SK"]
[WhiteTeamCountry "GER"]
[BlackTeamCountry "GER"]

1. d4 Nf6 2. Nc3 d5 3. Bg5 h6 4. Bh4 e6 5. e4 g5 6. Bg3 Nxe4 7. Nxe4 dxe4 8. h4 Bd6 9. Bxd6 cxd6 10. Qg4 Qa5+ 11. c3 Nc6 12. Qxe4 d5 13. Qe3 g4 14. Bd3 Bd7 15. Ne2 0-0-0 16. 0-0 Qc7 17. Nf4 Kb8 18. Rfe1 h5 19. Qg3 Bc8 20. Re3 Rh6 21. Rae1 Rdh8 22. Ne2 Qxg3 23. Rxg3 Kc7 24. Re3 Kd6 25. Nf4 Bd7 26. g3 a6 27. Bc2 b6 28. Nd3 Re8 29. Ba4 f6 30. f4 gxf3 31. Rxf3 Nxd4 32. cxd4 Bxa4 33. Nf4 e5 34. Ng2 exd4 35. Rxe8 Bxe8 36. Nf4 Bd7 37. Rf2 Bg4 38. Rd2 Ke5 39. Nd3+ Kd6 40. Nf4 Ke5 41. Nd3+ Kd6 1/2-1/2

[Event "Bundesliga 1011"]
[Site "Germany"]
[Date "2010.10.10"]
[Round "2.7"]
[White "Mossakowski, Florian"]
[Black "Reeh, Oliver"]
[Result "0-1"]
[WhiteElo "2335"]
[BlackElo "2454"]
[PlyCount "106"]
[EventDate "2010.10.09"]
[EventType "team-tourn"]
[EventRounds "15"]
[EventCountry "GER"]
[SourceTitle "EXT 2012"]
[Source "ChessBase"]
[SourceDate "2011.11.24"]
[SourceVersion "1"]
[SourceVersionDate "2011.11.24"]
[SourceQuality "1"]
[WhiteTeam "Delmenhorst"]
[BlackTeam "Hamburger SK"]
[WhiteTeamCountry "GER"]
[BlackTeamCountry "GER"]

1. e4 e5 2. Nf3 Nc6 3. Bb5 Bc5 4. 0-0 Nd4 5. Nxd4 Bxd4 6. c3 Bb6 7. d4 c6 8. Ba4 d6 9. dxe5 dxe5 10. Qxd8+ Kxd8 11. Re1 Nf6 12. Be3 Bxe3 13. Rxe3 Ke7 14. Nd2 Rd8 15. Nf3 Ng4 16. Ree1 f6 17. Red1 Rxd1+ 18. Rxd1 a5 19. Nd2 b5 20. Bc2 a4 21. a3 Nh6 22. Nf1 Nf7 23. Ne3 Nd6 24. Kf1 g6 25. g3 Bh3+ 26. Ke2 h5 27. Bd3 f5 28. f3 Rf8 29. Rg1 Rh8 30. Bb1 Kf6 31. Rd1 Ke6 32. exf5+ gxf5 33. c4 f4 34. gxf4 exf4 35. c5 Nb7 36. Nc2 Nxc5 37. Nd4+ Kf6 38. Nxc6 Rg8 39. Rd6+ Ne6 40. Ba2 Rg2+ 41. Ke1 Rxb2 42. Nb4 Rxh2 43. Rb6 h4 44. Rxb5 Nd4 45. Rb6+ Kg5 46. Bd5 Bf5 47. Rb8 h3 48. Rg8+ Kf6 49. Ba8 Re2+ 50. Kf1 h2 51. Rh8 Rb2 52. Be4 Bxe4 53. fxe4 f3 0-1

[Event "Bundesliga 1011"]
[Site "Germany"]
[Date "2010.10.09"]
[Round "1.7"]
[White "Reeh, Oliver"]
[Black "Feller, Sebastien"]
[Result "1/2-1/2"]
[WhiteElo "2454"]
[BlackElo "2649"]
[PlyCount "49"]
[EventDate "2010.10.09"]
[EventType "team-tourn"]
[EventRounds "15"]
[EventCountry "GER"]
[SourceTitle "EXT 2012"]
[Source "ChessBase"]
[SourceDate "2011.11.24"]
[SourceVersion "1"]
[SourceVersionDate "2011.11.24"]
[SourceQuality "1"]
[WhiteTeam "Hamburger SK"]
[BlackTeam "Werder Bremen"]
[WhiteTeamCountry "GER"]
[BlackTeamCountry "GER"]

1. e4 c6 2. c4 d5 3. exd5 cxd5 4. cxd5 Nf6 5. Nc3 Nxd5 6. Nf3 Nxc3 7. bxc3 g6 8. Bc4 Bg7 9. 0-0 0-0 10. a4 Nc6 11. h3 Bf5 12. Re1 Bd3 13. Bxd3 Qxd3 14. Ba3 Rfe8 15. Re3 Qd5 16. d4 e6 17. Rb1 b6 18. Qe2 Rac8 19. Rb5 Qd7 20. Ne5 Qc7 21. Nxc6 Qxc6 22. a5 Red8 23. axb6 axb6 24. Qb2 e5 25. dxe5 1/2-1/2

[Event "Bundesliga 0910"]
[Site "Germany"]
[Date "2010.02.28"]
[Round "11.6"]
[White "Reeh, Oliver"]
[Black "Adams, Michael"]
[Result "1/2-1/2"]
[WhiteElo "2442"]
[BlackElo "2682"]
[PlyCount "148"]
[EventDate "2009.10.16"]
[EventType "team-tourn"]
[EventRounds "15"]
[EventCountry "GER"]
[SourceTitle "EXT 2011"]
[Source "ChessBase"]
[SourceDate "2010.11.26"]
[SourceVersion "1"]
[SourceVersionDate "2010.11.26"]
[SourceQuality "1"]
[WhiteTeam "Hamburger SK"]
[BlackTeam "Baden-Baden"]
[WhiteTeamCountry "GER"]
[BlackTeamCountry "GER"]

1. d4 Nf6 2. c4 e6 3. Nf3 b6 4. e3 Bb7 5. Bd3 d5 6. b3 Bd6 7. 0-0 0-0 8. Bb2 Nbd7 9. Nc3 a6 10. Rc1 Qe7 11. cxd5 exd5 12. Bf5 g6 13. Bh3 Ne4 14. Nxe4 dxe4 15. Nd2 f5 16. Nc4 Bd5 17. Nxd6 Qxd6 18. f4 exf3 19. gxf3 Rae8 20. Qd3 Nf6 21. Rce1 Re7 22. Bg2 Rfe8 23. Re2 Qc6 24. Bc1 a5 25. Bd2 Re6 26. Ref2 h6 27. Rc1 Qb7 28. Re1 R8e7 29. Qf1 Qa8 30. Bh3 Qe8 31. Rfe2 Bc6 32. Qg2 Kh7 33. e4 fxe4 34. Bxe6 Rxe6 35. Qh3 h5 36. Bg5 Qf7 37. Qh4 Bb5 38. Rf2 e3 39. Rxe3 Nd5 40. Rxe6 Qxe6 41. Qe4 Qd6 42. Rc2 a4 43. Qe5 Qd7 44. bxa4 Bxa4 45. Re2 Kg8 46. Re1 Qf7 47. Qe6 Bd7 48. Qxf7+ Kxf7 49. Kf2 b5 50. a3 c6 51. h4 Be6 52. Rc1 Bd7 53. Kg3 Ke6 54. Re1+ Kf7 55. Kf2 Be6 56. Rc1 Bd7 57. a4 bxa4 58. Rc4 a3 59. Ra4 Ke6 60. Rxa3 Kd6 61. Ra8 Bf5 62. Kg3 Bd3 63. Bf4+ Kd7 64. Ra7+ Ke6 65. Bg5 Kd6 66. Ra8 Kd7 67. Rd8+ Kc7 68. Rf8 Kd7 69. Kf2 Kd6 70. Bc1 Ke7 71. Ba3+ Kd7 72. Bc5 Bc2 73. Rf7+ Ke6 74. Rg7 Bd3 1/2-1/2

[Event "Bundesliga 0910"]
[Site "Germany"]
[Date "2009.11.15"]
[Round "4.8"]
[White "Muzychuk, Anna"]
[Black "Reeh, Oliver"]
[Result "0-1"]
[WhiteElo "2533"]
[BlackElo "2442"]
[PlyCount "72"]
[EventDate "2009.10.16"]
[EventType "team-tourn"]
[EventRounds "15"]
[EventCountry "GER"]
[SourceTitle "EXT 2010"]
[Source "ChessBase"]
[SourceDate "2010.11.25"]
[SourceVersion "1"]
[SourceVersionDate "2010.11.25"]
[SourceQuality "1"]
[WhiteTeam "Eppingen"]
[BlackTeam "Hamburger SK"]
[WhiteTeamCountry "GER"]
[BlackTeamCountry "GER"]

1. e4 e5 2. Nf3 Nc6 3. Bb5 Bc5 4. 0-0 Nd4 5. Nxd4 Bxd4 6. c3 Bb6 7. d4 c6 8. Ba4 d6 9. Re1 Nf6 10. Bg5 h6 11. Bh4 g5 12. Bg3 h5 13. f3 h4 14. Bf2 g4 15. Na3 Be6 16. Bb3 Qe7 17. Nc4 g3 18. Be3 gxh2+ 19. Kxh2 Bxc4 20. Bxc4 0-0-0 21. a4 Rdg8 22. a5 Bc7 23. d5 Nh5 24. dxc6 Nf4 25. cxb7+ Kb8 26. Qd2 Rg3 27. Bxf4 exf4 28. Re2 h3 29. Qxf4 d5 30. e5 Rxg2+ 31. Kh1 dxc4 32. Rae1 Rhg8 33. a6 Qc5 34. Qxf7 Qc6 35. Qf6 Rxe2 36. Rxe2 Qc5 0-1

[Event "Bundesliga 0809"]
[Site "Germany"]
[Date "2009.02.28"]
[Round "12.7"]
[White "Polaczek, Richard"]
[Black "Reeh, Oliver"]
[Result "0-1"]
[WhiteElo "2419"]
[BlackElo "2429"]
[PlyCount "66"]
[EventDate "2008.10.03"]
[EventType "team-tourn"]
[EventRounds "15"]
[EventCountry "GER"]
[SourceTitle "CBM 128 Extra"]
[Source "ChessBase"]
[SourceDate "2009.03.05"]
[SourceVersion "2"]
[SourceVersionDate "2009.03.25"]
[SourceQuality "1"]
[WhiteTeam "Remagen"]
[BlackTeam "Hamburger SK"]
[WhiteTeamCountry "GER"]
[BlackTeamCountry "GER"]

1. d4 Nf6 2. Nc3 g6 3. e4 d6 4. Be3 Bg7 5. h3 0-0 6. Nf3 a6 7. Bd3 Nc6 8. Qd2 e5 9. dxe5 dxe5 10. 0-0-0 Be6 11. Ng5 Qe7 12. Nxe6 Qxe6 13. Nd5 Nxd5 14. Bc4 Nxe3 15. Bxe6 Nxd1 16. Bd5 Nxb2 17. Kxb2 Nd4 18. c3 Nb5 19. h4 Nd6 20. h5 c6 21. Bb3 Nxe4 22. Qe3 Nf6 23. hxg6 hxg6 24. Qb6 Rab8 25. Rd1 e4 26. Qc7 Nd5 27. Rxd5 cxd5 28. Bxd5 Rbe8 29. Bxb7 e3 30. fxe3 Rxe3 31. Kb1 Rxc3 32. Qb6 Re8 33. Qa7 Rc7 0-1

[Event "Bundesliga 0809"]
[Site "Germany"]
[Date "2009.01.31"]
[Round "10.6"]
[White "Reeh, Oliver"]
[Black "Tereick, Benjamin"]
[Result "1/2-1/2"]
[WhiteElo "2429"]
[BlackElo "2356"]
[PlyCount "72"]
[EventDate "2008.10.03"]
[EventType "team-tourn"]
[EventRounds "15"]
[EventCountry "GER"]
[SourceTitle "CBM 128 Extra"]
[Source "ChessBase"]
[SourceDate "2009.03.05"]
[SourceVersion "2"]
[SourceVersionDate "2009.03.25"]
[SourceQuality "1"]
[WhiteTeam "Hamburger SK"]
[BlackTeam "Wattenscheid"]
[WhiteTeamCountry "GER"]
[BlackTeamCountry "GER"]

1. e4 e6 2. d4 d5 3. Nd2 c5 4. Ngf3 Nc6 5. Bb5 a6 6. Bxc6+ bxc6 7. 0-0 Nf6 8. e5 Nd7 9. c4 a5 10. Re1 a4 11. cxd5 cxd5 12. Nb1 Be7 13. Nc3 Qa5 14. Bd2 Qa6 15. Bg5 Bxg5 16. Nxg5 h6 17. Qh5 0-0 18. Nf3 Qb6 19. Ne2 cxd4 20. Nf4 Nc5 21. Qg4 Ne4 22. Nh5 g6 23. Rxe4 dxe4 24. Nf6+ Kg7 25. Nh5+ Kg8 26. Nf6+ Kg7 27. Nh5+ Kh8 28. Qf4 Kh7 29. Nf6+ Kg7 30. Ng4 Rh8 31. Qf6+ Kg8 32. Nh4 Qc7 33. Nxg6 fxg6 34. Qxg6+ Kf8 35. Qf6+ Kg8 36. Qg6+ Kf8 1/2-1/2

[Event "Bundesliga 0708"]
[Site "Germany"]
[Date "2007.12.09"]
[Round "6.7"]
[White "Reeh, Oliver"]
[Black "Schlosser, Philipp"]
[Result "1/2-1/2"]
[WhiteElo "2427"]
[BlackElo "2562"]
[PlyCount "88"]
[EventDate "2007.10.20"]
[EventType "team-tourn"]
[EventRounds "15"]
[EventCountry "GER"]
[SourceTitle "CBM 123"]
[Source "ChessBase"]
[SourceDate "2008.04.02"]
[SourceVersion "1"]
[SourceVersionDate "2008.04.02"]
[SourceQuality "1"]
[WhiteTeam "Hamburger SK"]
[BlackTeam "Baden-Baden"]
[WhiteTeamCountry "GER"]
[BlackTeamCountry "GER"]

1. e4 e5 2. Nf3 Nc6 3. Bb5 a6 4. Ba4 Nf6 5. d3 d6 6. c3 g6 7. Nbd2 Bg7 8. Bxc6+ bxc6 9. d4 Nd7 10. 0-0 0-0 11. Re1 exd4 12. cxd4 c5 13. d5 Nb6 14. Nf1 Re8 15. Ng3 Bg4 16. Rb1 Bxf3 17. gxf3 c6 18. dxc6 Qc7 19. b3 Qxc6 20. Bb2 d5 21. Bxg7 Kxg7 22. Rc1 Rac8 23. Qd2 Qf6 24. Kg2 c4 25. bxc4 Nxc4 26. Qxd5 Red8 27. Qb7 Rb8 28. Qc7 Ne5 29. Re3 Rb2 30. Rc2 Rb1 31. f4 Ng4 32. e5 Nxe3+ 33. fxe3 Qb6 34. Qxb6 Rxb6 35. Ne4 Rdb8 36. Rc7 h6 37. Nd6 Rf8 38. Kf3 Kg8 39. Ke4 Rb2 40. a4 Rb4+ 41. Kd5 Rxa4 42. e6 fxe6+ 43. Kxe6 a5 44. Ra7 Ra3 1/2-1/2

[Event "Bundesliga 0607"]
[Site "Germany"]
[Date "2007.02.25"]
[Round "11.6"]
[White "Smeets, Jan"]
[Black "Reeh, Oliver"]
[Result "1-0"]
[WhiteElo "2525"]
[BlackElo "2445"]
[PlyCount "65"]
[EventDate "2006.10.28"]
[EventType "team-tourn"]
[EventRounds "15"]
[EventCountry "GER"]
[SourceTitle "CBM 118"]
[Source "ChessBase"]
[SourceDate "2007.05.31"]
[SourceVersion "1"]
[SourceVersionDate "2007.05.31"]
[SourceQuality "1"]
[WhiteTeam "Solingen"]
[BlackTeam "Hamburger SK"]
[WhiteTeamCountry "GER"]
[BlackTeamCountry "GER"]

1. e4 c5 2. Nf3 Nc6 3. d4 cxd4 4. Nxd4 g6 5. c4 Bg7 6. Be3 Nf6 7. Nc3 0-0 8. Be2 d6 9. 0-0 Nxd4 10. Bxd4 a5 11. Rc1 Be6 12. f4 a4 13. g4 Bd7 14. g5 Ne8 15. f5 Bc6 16. h4 Qa5 17. f6 exf6 18. gxf6 Bh6 19. Nd5 Bxd5 20. exd5 Qd2 21. Qxd2 Bxd2 22. Rcd1 Bb4 23. a3 Bc5 24. Bxc5 dxc5 25. d6 Ra6 26. d7 Nd6 27. Rd5 Rd8 28. Rxc5 Rc6 29. Rxc6 bxc6 30. Rd1 Nf5 31. Bf3 c5 32. Bc6 Nd4 33. Rxd4 1-0

[Event "Bundesliga 0607"]
[Site "Germany"]
[Date "2007.02.24"]
[Round "10.6"]
[White "Reeh, Oliver"]
[Black "Handke, Florian"]
[Result "0-1"]
[WhiteElo "2445"]
[BlackElo "2459"]
[PlyCount "111"]
[EventDate "2006.10.28"]
[EventType "team-tourn"]
[EventRounds "15"]
[EventCountry "GER"]
[SourceTitle "CBM 118"]
[Source "ChessBase"]
[SourceDate "2007.05.31"]
[SourceVersion "1"]
[SourceVersionDate "2007.05.31"]
[SourceQuality "1"]
[WhiteTeam "Hamburger SK"]
[BlackTeam "Wattenscheid"]
[WhiteTeamCountry "GER"]
[BlackTeamCountry "GER"]

1. d4 d5 2. c4 c6 3. Nf3 Nf6 4. e3 a6 5. Nc3 e6 6. Ne5 c5 7. cxd5 exd5 8. Be2 Bd6 9. 0-0 0-0 10. Bf3 Be6 11. Nd3 cxd4 12. exd4 Nc6 13. Be3 Bf5 14. g3 Be4 15. Na4 Re8 16. Ndc5 Bxc5 17. Nxc5 Bxf3 18. Qxf3 b6 19. Nd3 Re4 20. Ne5 Qe8 21. Nxc6 Qxc6 22. Rac1 Qe6 23. Rc7 Rc8 24. Rxc8+ Qxc8 25. Rc1 Qe6 26. Kg2 h5 27. h3 g6 28. Qd1 Ne8 29. Qc2 Nd6 30. b3 Kh7 31. Bf4 Nf5 32. Qc8 Nxd4 33. Rc7 Qxc8 34. Rxc8 Ne6 35. Bd6 Re2 36. Kf1 Rxa2 37. Be5 g5 38. g4 hxg4 39. hxg4 Ng7 40. Rd8 Rd2 41. Rd6 b5 42. Rxa6 Rd3 43. b4 Rb3 44. Ra7 Kg6 45. Bxg7 Kxg7 46. Rd7 Rxb4 47. Rxd5 f6 48. Rd7+ Kf8 49. Rb7 Ke8 50. Ke2 Rb3 51. f3 b4 52. Kf2 Rb1 53. Kg2 b3 54. Kh2 Kd8 55. Rf7 Rf1 56. Rb7 0-1

[Event "Bundesliga 0607"]
[Site "Germany"]
[Date "2007.02.04"]
[Round "9.6"]
[White "Reeh, Oliver"]
[Black "Volke, Karsten"]
[Result "1/2-1/2"]
[WhiteElo "2445"]
[BlackElo "2478"]
[PlyCount "62"]
[EventDate "2006.10.28"]
[EventType "team-tourn"]
[EventRounds "15"]
[EventCountry "GER"]
[SourceTitle "CBM 118"]
[Source "ChessBase"]
[SourceDate "2007.05.31"]
[SourceVersion "1"]
[SourceVersionDate "2007.05.31"]
[SourceQuality "1"]
[WhiteTeam "Hamburger SK"]
[BlackTeam "Kreuzberg"]
[WhiteTeamCountry "GER"]
[BlackTeamCountry "GER"]

1. d4 Nf6 2. c4 e6 3. Nf3 b6 4. e3 Bb7 5. Bd3 d5 6. b3 Be7 7. 0-0 Nbd7 8. Bb2 0-0 9. Nbd2 c5 10. Qe2 cxd4 11. exd4 Re8 12. Rac1 Rc8 13. Rfd1 Bf8 14. h3 g6 15. Qe3 Rc7 16. Rc2 Qb8 17. c5 bxc5 18. dxc5 Rxc5 19. Ne5 Rxc2 20. Bxc2 Bg7 21. Ndf3 Qc7 22. Bb1 Ne4 23. Rc1 Qd6 24. Qxa7 Nxe5 25. Bxe5 Bxe5 26. Nxe5 Qxe5 27. Bxe4 dxe4 28. Qxb7 e3 29. Qf3 exf2+ 30. Qxf2 Rd8 31. Re1 Qc3 1/2-1/2

[Event "Bundesliga 0607"]
[Site "Germany"]
[Date "2006.11.18"]
[Round "3.6"]
[White "Reeh, Oliver"]
[Black "Firman, Nazar"]
[Result "1/2-1/2"]
[WhiteElo "2445"]
[BlackElo "2495"]
[PlyCount "70"]
[EventDate "2006.10.28"]
[EventType "team-tourn"]
[EventRounds "15"]
[EventCountry "GER"]
[SourceTitle "EXT 2007"]
[Source "ChessBase"]
[SourceDate "2006.11.23"]
[SourceVersion "1"]
[SourceVersionDate "2006.11.23"]
[SourceQuality "1"]
[WhiteTeam "Hamburger SK"]
[BlackTeam "Katernberg"]
[WhiteTeamCountry "GER"]
[BlackTeamCountry "GER"]

1. e4 c5 2. Nf3 e6 3. d4 cxd4 4. Nxd4 Nc6 5. Nc3 a6 6. Nxc6 bxc6 7. Bd3 d5 8. 0-0 Nf6 9. Qe2 Be7 10. b3 Qc7 11. Na4 Bb7 12. c4 dxc4 13. Bxc4 Qe5 14. Bb2 Qxe4 15. Qxe4 Nxe4 16. Bxg7 Rg8 17. Bh6 c5 18. f3 Ng5 19. Kh1 Rd8 20. Bxg5 Rxg5 21. Rad1 Rd4 22. Rxd4 cxd4 23. Bd3 Ra5 24. Rf2 h5 25. Nb6 h4 26. Nc4 Rc5 27. Kg1 a5 28. h3 Bd5 29. Rc2 Bb7 30. Kf2 Kd8 31. Nb2 Rg5 32. Be4 Bxe4 33. fxe4 Rg3 34. Rd2 e5 35. Rd3 Ba3 1/2-1/2

[Event "Bundesliga 0607"]
[Site "Germany"]
[Date "2006.11.17"]
[Round "7.7"]
[White "Knaak, Rainer"]
[Black "Reeh, Oliver"]
[Result "0-1"]
[WhiteElo "2486"]
[BlackElo "2445"]
[PlyCount "70"]
[EventDate "2006.10.28"]
[EventType "team-tourn"]
[EventRounds "15"]
[EventCountry "GER"]
[SourceTitle "CBM 116"]
[Source "ChessBase"]
[SourceDate "2007.02.01"]
[SourceVersion "1"]
[SourceVersionDate "2007.02.01"]
[SourceQuality "1"]
[WhiteTeam "Werder Bremen"]
[BlackTeam "Hamburger SK"]
[WhiteTeamCountry "GER"]
[BlackTeamCountry "GER"]

1. d4 Nf6 2. c4 e6 3. Nc3 Bb4 4. Qc2 Nc6 5. Nf3 d6 6. a3 Bxc3+ 7. Qxc3 a5 8. b3 0-0 9. Bb2 Qe7 10. e3 Re8 11. Bd3 e5 12. d5 e4 13. dxc6 exd3 14. 0-0-0 bxc6 15. Rxd3 c5 16. Nd2 Qf8 17. f3 Nd7 18. f4 Bb7 19. Rg1 Nf6 20. g4 Ne4 21. Nxe4 Bxe4 22. Rd2 Rab8 23. Rg3 Rb6 24. Qxa5 Ra8 25. Qc3 Rab8 26. b4 cxb4 27. axb4 Rxb4 28. c5 Rb3 29. Qa5 R8b5 30. Qa1 Qb8 31. h4 Rxc5+ 32. Kd1 Rd5 33. Bc1 Rxd2+ 34. Kxd2 Qb4+ 35. Kd1 Qc4 0-1

[Event "Bundesliga 0506"]
[Site "Germany"]
[Date "2006.03.12"]
[Round "13.6"]
[White "Reeh, Oliver"]
[Black "Van den Doel, Erik"]
[Result "0-1"]
[WhiteElo "2449"]
[BlackElo "2582"]
[PlyCount "80"]
[EventDate "2005.10.21"]
[EventType "team-tourn"]
[EventRounds "15"]
[EventCountry "GER"]
[SourceTitle "CBM 112"]
[Source "ChessBase"]
[SourceDate "2006.06.07"]
[SourceVersion "1"]
[SourceVersionDate "2006.06.07"]
[SourceQuality "1"]
[WhiteTeam "Hamburger SK"]
[BlackTeam "Koeln Porz"]
[WhiteTeamCountry "GER"]
[BlackTeamCountry "GER"]

1. e4 e5 2. Nf3 Nc6 3. Bb5 Nf6 4. d3 Bc5 5. Bxc6 dxc6 6. 0-0 Bg4 7. h3 Bh5 8. Be3 Bd6 9. Nbd2 Nd7 10. Qc1 c5 11. Nh2 Nf8 12. f4 exf4 13. Bxf4 Bxf4 14. Rxf4 Ne6 15. Rf2 0-0 16. Nc4 Nd4 17. g4 Bg6 18. Qf4 b5 19. Ne3 c4 20. Rd1 cxd3 21. Rxd3 c5 22. Nf5 Re8 23. Nf3 Nxf3+ 24. Rfxf3 Qa5 25. Rd7 Qxa2 26. Ne7+ Kh8 27. Nxg6+ fxg6 28. Qf7 Qb1+ 29. Rf1 Qxb2 30. Rxa7 Qd4+ 31. Rf2 Rad8 32. Re7 Rf8 33. Rd7 Rxf7 34. Rxd4 Rxd4 35. Rxf7 Kg8 36. Rc7 Rc4 37. e5 Rxc2 38. e6 Kf8 39. Rf7+ Ke8 40. Rxg7 b4 0-1

[Event "Bundesliga 0506"]
[Site "Germany"]
[Date "2005.11.12"]
[Round "3.5"]
[White "Schneider, Ilja"]
[Black "Reeh, Oliver"]
[Result "0-1"]
[WhiteElo "2392"]
[BlackElo "2449"]
[PlyCount "82"]
[EventDate "2005.10.21"]
[EventType "team-tourn"]
[EventRounds "15"]
[EventCountry "GER"]
[SourceTitle "CBM 110"]
[Source "ChessBase"]
[SourceDate "2006.01.31"]
[SourceVersion "1"]
[SourceVersionDate "2006.01.31"]
[SourceQuality "1"]
[WhiteTeam "Neukoelln"]
[BlackTeam "Hamburger SK"]
[WhiteTeamCountry "GER"]
[BlackTeamCountry "GER"]

1. d4 Nf6 2. Bg5 g6 3. Bxf6 exf6 4. c4 f5 5. Nc3 d6 6. e3 Nd7 7. Nge2 Nf6 8. g3 h5 9. h4 Bh6 10. Bg2 0-0 11. b4 Re8 12. Qd3 Rb8 13. a4 c5 14. Rb1 f4 15. gxf4 cxb4 16. Rxb4 Bf5 17. Qd2 Be6 18. Qd3 Bf5 19. Qd2 Be6 20. Kf1 a5 21. Rxb7 Bxc4 22. Qb2 Rxb7 23. Qxb7 d5 24. Bf3 Re7 25. Qb1 Ne4 26. Qc2 Nxc3 27. Qxc3 Rb7 28. Kg2 Rb4 29. Qc2 Bb3 30. Qc6 Bf8 31. f5 Rb6 32. Qc3 gxf5 33. Nf4 Bh6 34. Nxh5 Bxa4 35. Ra1 Bd7 36. Rxa5 Qxh4 37. Qc7 Bxe3 38. Ra8+ Kh7 39. Ng3 Bxf2 40. Kxf2 Rb2+ 41. Kf1 Qh2 0-1

[Event "Bundesliga 0405"]
[Site "Germany"]
[Date "2005.01.30"]
[Round "9.6"]
[White "Reeh, Oliver"]
[Black "Miltner, Arndt"]
[Result "0-1"]
[WhiteElo "2464"]
[BlackElo "2402"]
[PlyCount "84"]
[EventDate "2004.11.12"]
[EventType "team-tourn"]
[EventRounds "15"]
[EventCountry "GER"]
[SourceTitle "CBM 106"]
[Source "ChessBase"]
[SourceDate "2005.06.06"]
[SourceVersion "1"]
[SourceVersionDate "2005.06.06"]
[SourceQuality "1"]
[WhiteTeam "Hamburger SK"]
[BlackTeam "Eppingen"]
[WhiteTeamCountry "GER"]
[BlackTeamCountry "GER"]

1. e4 d6 2. d4 Nf6 3. Nc3 e5 4. Nf3 Nbd7 5. Bc4 Be7 6. 0-0 0-0 7. a4 a5 8. Re1 c6 9. h3 exd4 10. Nxd4 Nc5 11. Bf4 Be6 12. Nxe6 fxe6 13. e5 Nd5 14. exd6 Bxd6 15. Bxd6 Qxd6 16. Ne4 Nxe4 17. Rxe4 Rf6 18. Qd4 Raf8 19. Rf1 Rf4 20. Bb3 R8f6 21. Qe5 Qxe5 22. Rxe5 R4f5 23. Rxf5 Rxf5 24. Re1 Kf7 25. g3 Kf6 26. Kg2 Re5 27. Rxe5 Kxe5 28. c3 b5 29. Bc2 h6 30. axb5 cxb5 31. Bd3 b4 32. f4+ Kd6 33. cxb4 Nxb4 34. Bc4 Nd5 35. Kf3 Kc5 36. Ba2 Kd4 37. h4 a4 38. Bb1 Ne3 39. Ba2 Nc4 40. Ke2 Nxb2 41. Bxe6 Nc4 42. Bf5 a3 0-1

[Event "Bundesliga 0405"]
[Site "Germany"]
[Date "2004.11.27"]
[Round "3.5"]
[White "Van den Doel, Erik"]
[Black "Reeh, Oliver"]
[Result "1-0"]
[WhiteElo "2560"]
[BlackElo "2464"]
[PlyCount "119"]
[EventDate "2004.11.12"]
[EventType "team-tourn"]
[EventRounds "15"]
[EventCountry "GER"]
[SourceTitle "CBM 105"]
[Source "ChessBase"]
[SourceDate "2005.04.11"]
[SourceVersion "1"]
[SourceVersionDate "2005.04.11"]
[SourceQuality "1"]
[WhiteTeam "Koeln Porz"]
[BlackTeam "Hamburger SK"]
[WhiteTeamCountry "GER"]
[BlackTeamCountry "GER"]

1. e4 c5 2. Nf3 d6 3. d4 cxd4 4. Nxd4 Nf6 5. Nc3 Nc6 6. Bg5 e6 7. Qd2 a6 8. 0-0-0 Bd7 9. Nxc6 Bxc6 10. Qe1 Be7 11. e5 Nd5 12. Bxe7 Qxe7 13. Ne4 dxe5 14. c4 0-0 15. cxd5 exd5 16. Ng3 Rad8 17. Kb1 d4 18. Bd3 g6 19. Be4 Bb5 20. h4 f5 21. Bc2 h5 22. f3 Kh7 23. Bd3 Bc6 24. Rd2 Rde8 25. Re2 Qd6 26. Rf1 Rf7 27. Qd2 Qf6 28. Qg5 Qxg5 29. hxg5 Rfe7 30. Rh1 Kg8 31. Rd2 Rd8 32. Rh4 Kf7 33. Bc2 Rc7 34. Rh1 Ke6 35. Re1 Re7 36. Ne2 Kf7 37. Bb3+ Kf8 38. Red1 Red7 39. Bc2 Kg7 40. f4 d3 41. Rxd3 Rxd3 42. Bxd3 Bxg2 43. fxe5 Bf3 44. Kc2 h4 45. Rf1 Bc6 46. Nf4 Rh8 47. Rf2 h3 48. Rh2 Rh4 49. Nxh3 Kf7 50. Bf1 Ke6 51. Rd2 Kxe5 52. Rd8 f4 53. Kd2 Be4 54. Nf2 Bf5 55. Rb8 Rh2 56. Ke2 Bd7 57. Rxb7 Bb5+ 58. Ke1 Kd4 59. Bxb5 axb5 60. Rxb5 1-0

[Event "Bundesliga 0405"]
[Site "Germany"]
[Date "2004.11.14"]
[Round "2.6"]
[White "Senff, Martin"]
[Black "Reeh, Oliver"]
[Result "1-0"]
[WhiteElo "2430"]
[BlackElo "2464"]
[PlyCount "59"]
[EventDate "2004.11.12"]
[EventType "team-tourn"]
[EventRounds "15"]
[EventCountry "GER"]
[SourceTitle "EXT 2005"]
[Source "ChessBase"]
[SourceDate "2004.11.15"]
[SourceVersion "1"]
[SourceVersionDate "2004.11.15"]
[SourceQuality "1"]
[WhiteTeam "Katernberg"]
[BlackTeam "Hamburger SK"]
[WhiteTeamCountry "GER"]
[BlackTeamCountry "GER"]

1. e4 e5 2. Nf3 Nc6 3. Nc3 Nf6 4. d4 exd4 5. Nxd4 Bc5 6. Nxc6 bxc6 7. Bd3 d6 8. 0-0 Ng4 9. h3 Ne5 10. Be2 g5 11. Na4 Bb6 12. Nxb6 axb6 13. f4 gxf4 14. Bxf4 Be6 15. Qd2 Rg8 16. Qc3 c5 17. Bb5+ c6 18. Bxe5 cxb5 19. Bf6 Qd7 20. Rf3 b4 21. Qe3 Rg6 22. Rd1 Qc6 23. Qf4 c4 24. Rg3 Rxg3 25. Qxg3 Kd7 26. Be5 Qc5+ 27. Kh2 Kc6 28. Rxd6+ Kb5 29. Bd4 Qh5 30. Rxb6+ 1-0